| 000 | 00492nam a22001577a 4500 | ||
|---|---|---|---|
| 005 | 20260318120934.0 | ||
| 008 | 260318b |||||||| |||| 00| 0 eng d | ||
| 020 | _a978-81-203-0863-8 | ||
| 050 | _aQA 76.76 .E95 K67 1992 | ||
| 100 | _aKOSKO BART | ||
| 245 |
_aNEURAL NETWORKS AND FUZZY SYSTEMS _bA DYNAMICAL SYSTEMS APPROACH TO MACHINE INTELLIGENCE |
||
| 260 |
_aNEW DELHI _bPH LEARNINING PRIVATE LIMITED _c1992 |
||
| 300 | _aX,449 | ||
| 650 | _aArtificial intelligence | ||
| 942 |
_2lcc _cBK |
||
| 999 |
_c216846 _d216846 |
||